Datum a čas kvízu

28.5 Celkem bodů Celkový počet nahraných bodů na tomto kvízu bez doplňovacích otázek.
3. Pořadí na kvízu Konečné umístění týmu na tomto kvízu.

Zaznamenané odpovědi

# Otázka Odpověď Body Výsledky
1. Který 63letý muž se ve čtvrtek... Jiří Kajínek 1
2. Papež František schválil svato... Boží influencer 0
3. Jak se nazývá literární festiv... Svět knihy 0
4. Je možné, že si v brzké době p... Mondeléz (Mondeléz International) 1
5. „Bohužel nemám dobré zprávy. K... Patrik Kincl 1
6. Jak se nazývají dva nejdůležit... Franská říše, Byzantská (Východořímská) říše 1
7. Jak se jmenoval významný střed... Vilém I. Dobyvatel 1
8. Kdo byl zakladatelem a prvním... Bořivoj 0
9. Vytvořte z těchto středověkých... 1D 2A 3B 4C 0
10. Závěrem tématu se podíváme na... tulipán 0